[Event "IsBank TCh-TUR"]
[Site "Konya TUR"]
[Date "2010.06.30"]
[Round "3"]
[White "Yilmaz,M"]
[Black "Vural,O"]
[Result "1-0"]
[WhiteElo "2476"]
[BlackElo "1896"]
[EventDate "2010.06.29"]

1. e4 c5 2. Nf3 d6 3. d4 cxd4 4. Nxd4 Nf6 5. Nc3 a6 6. Bg5 e6 7. f4 Qb6 8.
Qd2 Qxb2 9. Rb1 Qa3 10. e5 dxe5 11. fxe5 Nfd7 12. Ne4 h6 13. Bh4 Qxa2 14.
Rd1 Qa4 15. Be2 Nc6 16. Nxe6 Bb4 17. O-O Bxd2 18. Nd6+ 1-0

[Event "IsBank TCh-TUR"]
[Site "Konya TUR"]
[Date "2010.07.01"]
[Round "4"]
[White "Temizkan,D"]
[Black "Serin,S"]
[Result "1/2-1/2"]
[WhiteElo "1814"]
[BlackElo "1719"]
[EventDate "2010.06.29"]

1. d4 d5 2. c4 c6 3. Nf3 Nf6 4. Nc3 e6 5. Bg5 Be7 6. e3 O-O 7. Bd3 dxc4 8.
Bxc4 Nbd7 9. O-O Qc7 10. Rc1 Nb6 11. Bd3 Nbd5 12. Qe2 Re8 13. Rfd1 a6 14.
Bh4 Bd6 15. a3 Nd7 16. Bb1 Nxc3 17. Rxc3 e5 18. h3 e4 19. Nd2 f5 20. Qh5 g6
21. Ba2+ Kg7 22. Qe2 Nb6 23. Nc4 Nxc4 24. Bxc4 Qd7 25. d5 c5 26. Rcc1 b6
27. Qc2 Bb7 28. Qc3+ Be5 29. Qd2 Qd6 30. Be2 h6 31. f4 exf3 32. Bxf3 Kh7
33. Rc2 Rac8 34. Kh1 c4 35. e4 fxe4 36. Bxe4 Bxb2 37. Qe2 Bxa3 38. Rxc4 Qe5
39. Rxc8 Bxc8 40. Bxg6+ Kxg6 41. Qd3+ Qe4 42. Qg3+ Kh7 43. Qc7+ Be7 44.
Bxe7 Qxe7 45. Qc2+ Kh8 46. Qg6 Rd8 47. Qxh6+ Kg8 48. Qxb6 Rd6 49. Qf2 Rg6
50. Re1 Qf7 51. Qh4 Qf8 52. Qh5 Qf7 53. Qh4 Qf8 54. Qh5 1/2-1/2

[Event "IsBank TCh-TUR"]
[Site "Konya TUR"]
[Date "2010.07.01"]
[Round "4"]
[White "Karagollu,A"]
[Black "Koc,O"]
[Result "1/2-1/2"]
[WhiteElo "1919"]
[BlackElo "1851"]
[EventDate "2010.06.29"]

1. e4 c5 2. Nf3 d6 3. d4 cxd4 4. Qxd4 Nc6 5. Bb5 Bd7 6. Bxc6 Bxc6 7. Nc3 h6
8. Bd2 Nf6 9. O-O-O e5 10. Qe3 Be7 11. Ne1 b5 12. f3 O-O 13. g4 b4 14. Ne2
Qa5 15. Kb1 d5 16. Ng3 dxe4 17. Nxe4 Rfd8 18. Nxf6+ Bxf6 19. Nd3 Rab8 20.
h4 e4 21. fxe4 Rxd3 22. Qxd3 Qe5 23. Bc1 Bxe4 24. Qh3 Bxc2+ 25. Kxc2 Rc8+
26. Kd2 Rd8+ 27. Kc2 Rc8+ 28. Kd2 1/2-1/2

[Event "IsBank TCh-TUR"]
[Site "Konya TUR"]
[Date "2010.07.01"]
[Round "4"]
[White "Tandogan,Buket"]
[Black "Aslan,C"]
[Result "0-1"]
[WhiteElo "1553"]
[BlackElo "1572"]
[EventDate "2010.06.29"]

1. e4 c5 2. Nf3 d6 3. d4 cxd4 4. Nxd4 Nf6 5. Nc3 g6 6. Be3 Bg7 7. f3 O-O 8.
Bc4 Nc6 9. Qd2 Bd7 10. O-O-O Rc8 11. Bb3 Ne5 12. h4 h5 13. g4 hxg4 14. h5
Nxh5 15. Rdg1 b5 16. Bh6 Rxc3 17. Bxg7 Rxc2+ 18. Qxc2 Kxg7 19. Kb1 Rh8 20.
Qd1 a5 21. Bc2 gxf3 22. Nxf3 Bg4 23. Rxg4 Nxg4 24. Qd4+ Nhf6 25. Rd1 Qc7
26. Rc1 Qc5 27. Qd2 Qf2 28. Qd3 Qe3 29. Qxe3 Nxe3 30. Bd3 Rh5 31. Nd4 Rc5
32. Re1 Nc4 33. Nxb5 Nd2+ 34. Ka1 Ndxe4 35. Nd4 Nf2 36. Bf1 Rd5 0-1

[Event "IsBank TCh-TUR"]
[Site "Konya TUR"]
[Date "2010.07.01"]
[Round "4"]
[White "Dogan,A"]
[Black "Acarbay,Ay"]
[Result "1-0"]
[WhiteElo "2109"]
[BlackElo "1885"]
[EventDate "2010.06.29"]

1. d4 Nf6 2. c4 c5 3. d5 b5 4. cxb5 a6 5. bxa6 g6 6. Nc3 Bxa6 7. g3 d6 8.
Bg2 Bg7 9. Nf3 O-O 10. O-O Nbd7 11. Rb1 Nb6 12. b3 Bb7 13. e4 Ba6 14. Re1
Ng4 15. Qd2 Nd7 16. Bb2 Nge5 17. Nxe5 Nxe5 18. Na4 Bb5 19. f4 Nd3 20. Bxg7
Kxg7 21. Re3 Bxa4 22. Qxd3 Bd7 23. a4 Qb6 24. Rbe1 Kg8 25. e5 Bf5 26. Be4
Bxe4 27. Qxe4 Ra7 28. Kg2 Qb8 29. f5 dxe5 30. Qxe5 Qxe5 31. Rxe5 gxf5 32.
Rxe7 Rxe7 33. Rxe7 Rd8 34. Re5 Rb8 35. d6 Kg7 36. Rxc5 Rxb3 37. Rd5 Rb8 38.
d7 Rd8 39. a5 Kf6 40. a6 Ke6 41. Rd2 1-0

[Event "IsBank TCh-TUR"]
[Site "Konya TUR"]
[Date "2010.07.01"]
[Round "4"]
[White "Esen,B"]
[Black "Atakisi,U"]
[Result "1-0"]
[WhiteElo "2521"]
[BlackElo "2384"]
[EventDate "2010.06.29"]

1. d4 Nf6 2. c4 g6 3. Nf3 Bg7 4. g3 d5 5. cxd5 Nxd5 6. Bg2 Nb6 7. Nc3 Nc6
8. e3 O-O 9. O-O Re8 10. Re1 e5 11. d5 Na5 12. e4 c6 13. b3 Bg4 14. Ba3
cxd5 15. exd5 e4 16. Nxe4 Qxd5 17. Qxd5 Nxd5 18. Rac1 Rac8 19. Nd6 Rxe1+
20. Rxe1 Rb8 21. Ne5 Nf6 22. Ndxf7 Be6 23. Ng5 Bf5 24. g4 Bc2 25. Rc1 Be4
26. Nxe4 Nxe4 27. Bxe4 Bxe5 28. Rc5 1-0

[Event "IsBank TCh-TUR"]
[Site "Konya TUR"]
[Date "2010.07.01"]
[Round "4"]
[White "Yilmazyerli,M"]
[Black "Haznedaroglu,K"]
[Result "0-1"]
[WhiteElo "2295"]
[BlackElo "2501"]
[EventDate "2010.06.29"]

1. c4 e6 2. Nc3 f5 3. Nf3 Nf6 4. e3 Be7 5. b3 b6 6. g3 Bb7 7. Bg2 O-O 8.
Bb2 e5 9. O-O d6 10. d4 e4 11. Nd2 d5 12. cxd5 Nxd5 13. Nxd5 Bxd5 14. Rc1
Nc6 15. a3 Qd6 16. Qe2 Qe6 17. Rc2 Bd6 18. Rfc1 Ne7 19. Nc4 c6 20. Nxd6
Qxd6 21. b4 b5 22. f3 exf3 23. Bxf3 Rac8 24. Bc3 Rf6 25. Bd2 Re6 26. Rc5
Qd7 27. Qg2 Re8 28. Rf1 g6 29. Rfc1 Bxf3 30. Qxf3 Nd5 31. Rxd5 cxd5 32. Rc5
Re4 33. Qf1 a6 34. Qd1 Qe6 35. Qb3 f4 36. gxf4 Qg4+ 37. Kh1 Qf3+ 38. Kg1
Rxd4 0-1

[Event "IsBank TCh-TUR"]
[Site "Konya TUR"]
[Date "2010.07.01"]
[Round "4"]
[White "Suer,U"]
[Black "Inkaya,M"]
[Result "1/2-1/2"]
[WhiteElo "1793"]
[BlackElo "1911"]
[EventDate "2010.06.29"]

1. c4 Nf6 2. Nc3 d5 3. cxd5 Nxd5 4. Nf3 g6 5. d4 Bg7 6. e4 Nxc3 7. bxc3 O-O
8. Ba3 b6 9. Bc4 Bb7 10. O-O Nc6 11. Qc2 Na5 12. Bd3 Re8 13. Rae1 Rc8 14.
Nd2 e6 15. Nc4 Nxc4 16. Bxc4 c5 17. dxc5 Bf8 18. Bb5 Bc6 19. Rd1 Qf6 20.
Bxc6 Rxc6 21. Qa4 Rec8 22. Rd7 Bxc5 23. Bxc5 Rxc5 24. Qxa7 b5 25. Rb7 h5
26. h3 Qf4 27. Qa5 Qe5 28. Rd1 h4 29. Rd8+ Kg7 30. Rxc8 Rxc8 31. Qa7 Qf4
32. Qd4+ e5 33. Qd3 Qc1+ 34. Qf1 Qg5 35. Rxb5 Rxc3 36. Rb1 Rxh3 37. Rb3
Rxb3 38. axb3 h3 39. g3 Qg4 40. Qd3 f6 41. Kh2 Qc8 42. Qc4 Qg4 43. Qd3 Qc8
44. Qc4 Qg4 45. Qc2 1/2-1/2

[Event "IsBank TCh-TUR"]
[Site "Konya TUR"]
[Date "2010.07.01"]
[Round "4"]
[White "Yilmaz,M"]
[Black "Apaydin,F"]
[Result "1-0"]
[WhiteElo "2476"]
[BlackElo "2179"]
[EventDate "2010.06.29"]

1. e4 c5 2. Nf3 d6 3. d4 cxd4 4. Nxd4 Nf6 5. Nc3 g6 6. Be3 Bg7 7. f3 Nc6 8.
Qd2 O-O 9. Bc4 Bd7 10. O-O-O Rc8 11. Bb3 Nxd4 12. Bxd4 b5 13. Nd5 Nxd5 14.
Bxg7 Kxg7 15. exd5 a5 16. a3 b4 17. axb4 axb4 18. Qxb4 Kg8 19. Rhe1 Re8 20.
Rd4 Rc5 21. Kd1 Qa8 22. Qd2 Qa1+ 23. Qc1 Qa7 24. Rb4 Bf5 25. c3 Rb8 26.
Rxe7 Qa8 27. Ra4 Ra5 28. Qa1 Qa6 29. Rxa5 Qf1+ 30. Kd2 Qxg2+ 31. Re2 Qg5+
32. Kd1 Qg1+ 33. Re1 Qf2 34. Ra8 Qxf3+ 35. Re2 Bg4 36. Rxb8+ Kg7 37. Qa6
Qf1+ 38. Kd2 1-0

[Event "IsBank TCh-TUR"]
[Site "Konya TUR"]
[Date "2010.07.01"]
[Round "4"]
[White "Sop,S"]
[Black "Soylemez,C"]
[Result "1-0"]
[WhiteElo "1963"]
[BlackElo "1935"]
[EventDate "2010.06.29"]

1. e4 e5 2. Nf3 Nc6 3. Bb5 a6 4. Bxc6 dxc6 5. O-O Qd6 6. Na3 b5 7. c3 c5 8.
d3 Bg4 9. h3 Bh5 10. Qe2 Ne7 11. Nc2 Rd8 12. Rd1 Qf6 13. a4 Bxf3 14. Qxf3
Qxf3 15. gxf3 Ng6 16. axb5 axb5 17. Ra7 Kd7 18. Kf1 Kc6 19. Be3 Be7 20. Ke2
Ra8 21. Rda1 Rxa7 22. Rxa7 Kb6 23. Ra1 Kb7 24. Ra5 c6 25. b4 cxb4 26. Ra7+
Kb8 27. Nxb4 Bxb4 28. cxb4 Nf4+ 29. Kd2 Nxh3 30. Rxf7 Ng1 31. f4 Nh3 32.
fxe5 g5 33. e6 Kc8 34. e7 Re8 35. Rxh7 Ng1 36. Bc5 Nf3+ 37. Ke3 Ne5 38. Rg7
g4 39. Bd6 Nd7 40. Rxg4 Nb6 41. Bc5 Na4 42. Rg7 Kd7 43. f4 Nxc5 44. bxc5 b4
1-0

[Event "IsBank TCh-TUR"]
[Site "Konya TUR"]
[Date "2010.07.01"]
[Round "4"]
[White "Emiroglu,C"]
[Black "Yuksel,A"]
[Result "0-1"]
[WhiteElo "2100"]
[BlackElo "1975"]
[EventDate "2010.06.29"]

1. e4 c5 2. Nf3 d6 3. Nc3 Nf6 4. d4 cxd4 5. Nxd4 a6 6. Bg5 e6 7. Qd2 Qc7 8.
Bxf6 gxf6 9. Nb3 Nd7 10. a4 b6 11. Be2 h5 12. f4 Bb7 13. O-O O-O-O 14. a5
d5 15. exd5 Nc5 16. axb6 Qxb6 17. Kh1 Nxb3 18. cxb3 exd5 19. Na4 Qb4 20.
Rfc1+ Kb8 21. Qxb4 Bxb4 22. Nc5 Bxc5 23. Rxc5 d4 24. Bxa6 d3 25. Bxb7 Kxb7
26. Rcc1 Rhe8 27. h3 Re2 28. Ra4 Rd6 29. Rd1 d2 30. Raa1 f5 31. Kh2 h4 32.
Rf1 Rg6 33. Rg1 Rg3 34. b4 Kb6 35. Kh1 Kb5 36. Ra5+ Kxb4 37. Rd5 Kc4 38.
Rd8 Rd3 0-1

[Event "IsBank TCh-TUR"]
[Site "Konya TUR"]
[Date "2010.07.01"]
[Round "4"]
[White "Erturan,Y"]
[Black "Atalik,S"]
[Result "1/2-1/2"]
[WhiteElo "2377"]
[BlackElo "2607"]
[EventDate "2010.06.29"]

1. e4 e5 2. Nf3 Nc6 3. Bb5 Nf6 4. d3 d6 5. c3 g6 6. O-O Bg7 7. d4 O-O 8.
dxe5 Nxe5 9. Nxe5 dxe5 10. Qxd8 Rxd8 11. f3 Bd7 12. Bxd7 Nxd7 13. Be3 Nb6
14. Nd2 Rd3 15. Rfe1 Rad8 16. Bxb6 Rxd2 17. Bxc7 R8d7 18. Ba5 Rxb2 19. Red1
Rxa2 20. Rxa2 Rxd1+ 21. Kf2 b6 22. Bb4 a5 23. Ba3 Bh6 24. Ke2 Rb1 25. Rb2
Rxb2+ 26. Bxb2 b5 27. Kd3 Bf8 28. c4 b4 29. Bxe5 a4 30. Bd4 f5 31. c5 fxe4+
32. fxe4 Kf7 33. Kc4 b3 34. Bb2 Bg7 35. Bxg7 Kxg7 36. Kc3 Kf6 37. c6 Ke6
38. e5 Ke7 39. Kb2 h5 40. h4 Ke6 41. Kc3 Kxe5 1/2-1/2

[Event "IsBank TCh-TUR"]
[Site "Konya TUR"]
[Date "2010.07.01"]
[Round "4"]
[White "Ushenina,A"]
[Black "Atalik,E"]
[Result "1-0"]
[WhiteElo "2468"]
[BlackElo "2444"]
[EventDate "2010.06.29"]

1. d4 Nf6 2. c4 e6 3. Nc3 Bb4 4. e3 O-O 5. Bd3 d5 6. Nf3 c5 7. O-O Nc6 8.
a3 Bxc3 9. bxc3 Qc7 10. h3 dxc4 11. Bxc4 e5 12. Ba2 e4 13. Nd2 b6 14. Bb2
Bb7 15. d5 Ne5 16. c4 b5 17. cxb5 Rad8 18. d6 Qxd6 19. Nxe4 Nxe4 20. Qxd6
Nxd6 21. Bxe5 Nxb5 22. Rfc1 Nxa3 23. Rxc5 a6 24. Rc7 Be4 25. f3 Bd3 26. Rd1
Nb5 27. Rb7 h5 28. Kf2 Bg6 29. Rxd8 Rxd8 30. Bc4 Rd2+ 31. Kg1 Na3 32. Bxa6
Nc2 33. Bf4 Ne1 34. Bf1 Rd1 35. e4 Nd3 36. Be3 f6 37. Rd7 Nb2 38. Rxd1 Nxd1
39. Bd4 f5 40. Bc4+ Kf8 41. exf5 1-0

[Event "IsBank TCh-TUR"]
[Site "Konya TUR"]
[Date "2010.07.01"]
[Round "4"]
[White "Yigit,A"]
[Black "Patel,Y"]
[Result "0-1"]
[WhiteElo "1734"]
[BlackElo "1782"]
[EventDate "2010.06.29"]

1. e4 c5 2. Nf3 Nc6 3. d4 cxd4 4. Nxd4 g6 5. Nc3 Bg7 6. Be3 Nf6 7. Bc4 Qa5
8. O-O O-O 9. Nb3 Qc7 10. Bg5 a6 11. Bxf6 exf6 12. Nd5 Qd8 13. c3 d6 14.
Bd3 Be6 15. Bc2 f5 16. exf5 gxf5 17. Qd2 Ne5 18. Rab1 Kh8 19. Rfd1 Rg8 20.
Nf4 Nf3+ 21. gxf3 Bxc3+ 22. Kh1 Bxd2 23. Rxd2 Qh4 24. Nxe6 fxe6 25. Rg1
Rxg1+ 26. Kxg1 Qh3 0-1

[Event "IsBank TCh-TUR"]
[Site "Konya TUR"]
[Date "2010.07.01"]
[Round "4"]
[White "Sanal,V"]
[Black "Baglan,E"]
[Result "1-0"]
[WhiteElo "2106"]
[BlackElo "1800"]
[EventDate "2010.06.29"]

1. e4 c5 2. Nf3 Nc6 3. c3 d5 4. exd5 Qxd5 5. d4 Bg4 6. Be2 e6 7. c4 Qd7 8.
d5 Bxf3 9. Bxf3 Nd4 10. O-O e5 11. Be3 Bd6 12. b4 b6 13. bxc5 bxc5 14. Bxd4
exd4 15. Bg4 f5 16. Bh3 Nf6 17. Re1+ Kf7 18. Re6 g6 19. g4 h5 20. gxf5 g5
21. Nd2 g4 22. Bg2 h4 23. Qe2 Rag8 24. Re1 g3 25. fxg3 h3 26. Bf3 Rg7 27.
Kh1 Rg5 28. g4 Rh4 29. Rxf6+ 1-0

[Event "IsBank TCh-TUR"]
[Site "Konya TUR"]
[Date "2010.07.01"]
[Round "4"]
[White "Firat,B"]
[Black "Zeytinoglu,N"]
[Result "1-0"]
[WhiteElo "2403"]
[BlackElo "1927"]
[EventDate "2010.06.29"]

1. e4 e5 2. Nf3 Nc6 3. Bb5 Nf6 4. d3 Bc5 5. O-O Nd4 6. Nxd4 Bxd4 7. c3 Bb6
8. d4 c6 9. dxe5 cxb5 10. exf6 Qxf6 11. Na3 a6 12. e5 Qe6 13. Nc2 O-O 14.
Bf4 Bc7 15. Re1 b6 16. Qf3 Qc6 17. Qg3 Bb7 18. Nd4 Qg6 19. Qh3 f6 20. f3
fxe5 21. Bxe5 Bxe5 22. Rxe5 Rae8 23. Rxe8 Qxe8 24. Qg3 Qe3+ 25. Qf2 Qg5 26.
Re1 Qc5 27. Qd2 h6 28. a3 Qd5 29. Re7 Rf7 30. Re8+ Rf8 31. Re2 Qd6 32. Qe1
Qg6 33. Re3 Kh7 34. Kh1 Bd5 35. Re7 Bc4 36. h3 Rf7 37. Re8 Bd5 38. Kh2 Qf6
39. Qe5 Qxe5+ 40. Rxe5 Bc6 41. Re8 Kg6 42. Rb8 Re7 43. Rxb6 Kf7 44. Rxa6
1-0

[Event "IsBank TCh-TUR"]
[Site "Konya TUR"]
[Date "2010.07.01"]
[Round "4"]
[White "Kazdagli,B"]
[Black "Sirin,A"]
[Result "0-1"]
[WhiteElo "1823"]
[BlackElo "2250"]
[EventDate "2010.06.29"]

1. e4 c5 2. Nf3 d6 3. d4 cxd4 4. Nxd4 Nf6 5. Nc3 g6 6. Be3 Bg7 7. f3 Nc6 8.
Bc4 Bd7 9. Qd2 O-O 10. O-O-O Ne5 11. Bb3 Rc8 12. h4 h5 13. g4 hxg4 14. h5
Nxh5 15. Rdg1 Qa5 16. fxg4 Nxg4 17. Kb1 Rxc3 18. bxc3 Nhf6 19. Bh6 Nxe4 20.
Qd3 Qxc3 21. Bxg7 Nd2+ 22. Kc1 Nxb3+ 23. axb3 Qxd3 24. cxd3 Kxg7 25. Rh4
Nf6 26. Kd2 Rc8 27. b4 a6 28. Nb3 Be6 29. Nd4 Bd7 30. Rb1 e5 31. Nf3 Ba4
32. Rb2 Nh5 33. Ng5 f5 34. Rh1 Bc6 35. Rc1 Kf6 36. Nh7+ Kg7 37. Ng5 Rh8 38.
Ne6+ Kf6 39. Nc7 Nf4 40. Rb3 Rh2+ 41. Ke1 Re2+ 42. Kd1 Ba4 0-1

[Event "IsBank TCh-TUR"]
[Site "Konya TUR"]
[Date "2010.07.01"]
[Round "4"]
[White "Tulay,S"]
[Black "Danelia,M"]
[Result "0-1"]
[WhiteElo "1788"]
[BlackElo "2203"]
[EventDate "2010.06.29"]

1. e4 c5 2. Nf3 d6 3. d4 cxd4 4. Nxd4 Nf6 5. Nc3 a6 6. Be2 e5 7. Nf3 h6 8.
a4 Be6 9. O-O Nbd7 10. Be3 Be7 11. Nd2 Rc8 12. Bf3 O-O 13. a5 Qc7 14. Be2
d5 15. exd5 Nxd5 16. Nxd5 Bxd5 17. c4 Be6 18. Qa4 f5 19. f3 Bc5 20. Bf2 Nf6
21. Qc2 Rfd8 22. Kh1 Bxf2 23. Rxf2 Nd5 24. Nb3 Ne3 25. Qc3 Nxc4 26. Bxc4
Qxc4 27. Qxc4 Bxc4 28. Nd2 Bb5 29. Nb3 Rd3 30. Nd2 Rc2 31. Ne4 Rxf2 32.
Nxf2 Rd2 33. Nh3 Rxb2 0-1

[Event "IsBank TCh-TUR"]
[Site "Konya TUR"]
[Date "2010.07.01"]
[Round "4"]
[White "Yargici,M"]
[Black "Uzun,S"]
[Result "1-0"]
[WhiteElo "1822"]
[BlackElo "1966"]
[EventDate "2010.06.29"]

1. d4 e6 2. c4 b6 3. Nc3 Bb7 4. Qc2 f5 5. Nf3 Nf6 6. g3 Bb4 7. a3 Be4 8.
Qb3 Bxc3+ 9. Qxc3 O-O 10. Bg2 d6 11. O-O Nbd7 12. b4 Qe7 13. Bb2 c5 14.
Rfd1 Rac8 15. dxc5 bxc5 16. Qd2 d5 17. cxd5 Bxd5 18. Ne5 Nxe5 19. Bxe5 Rfd8
20. Qb2 Bxg2 21. Kxg2 Qb7+ 22. Kg1 Rxd1+ 23. Rxd1 Nd5 24. bxc5 Qxb2 25.
Bxb2 Rxc5 26. Bd4 Ra5 27. Rd3 Kf7 28. Rb3 Nb6 29. f4 h6 30. h4 Ra4 31. e3
g6 32. Kf2 Ke7 33. Kf3 Ra6 34. e4 Ra4 35. Bc5+ Kd7 36. exf5 gxf5 37. h5 Rc4
38. Bxb6 axb6 39. Rxb6 Rc3+ 40. Kg2 Rxa3 41. Rb7+ Kd6 42. Rh7 e5 43. Rxh6+
Kd5 44. Rf6 Ke4 45. Re6 Ra2+ 46. Kh3 Kf3 47. fxe5 Rg2 48. Rg6 Rg1 49. Kh4
Ke4 50. e6 f4 51. gxf4 Re1 52. Kg5 Kd5 53. f5 1-0

[Event "IsBank TCh-TUR"]
[Site "Konya TUR"]
[Date "2010.07.01"]
[Round "4"]
[White "Melia,S"]
[Black "Tsatsalashvili,K"]
[Result "1/2-1/2"]
[WhiteElo "2466"]
[BlackElo "2257"]
[EventDate "2010.06.29"]

1. e4 c6 2. d4 d5 3. exd5 cxd5 4. c4 Nf6 5. Nc3 e6 6. Nf3 Bb4 7. cxd5 Nxd5
8. Bd2 Nc6 9. Bd3 O-O 10. O-O Be7 11. Qe2 Bf6 12. Rad1 g6 13. Bh6 Bg7 14.
Bxg7 Kxg7 15. Be4 Re8 16. Bd3 Rf8 17. Be4 Re8 18. Rfe1 Bd7 19. Ne5 Nxc3 20.
bxc3 Nxe5 21. dxe5 Qc7 22. Qf3 Bc6 23. Bxc6 Qxc6 24. Qf6+ Kg8 25. h4 h5 26.
Rd3 Qc7 27. Red1 Qe7 28. Rd7 Qxf6 29. exf6 b6 30. Re7 Rf8 1/2-1/2

[Event "IsBank TCh-TUR"]
[Site "Konya TUR"]
[Date "2010.07.01"]
[Round "4"]
[White "Citak,S"]
[Black "Drozdovskij,Y"]
[Result "1/2-1/2"]
[WhiteElo "2340"]
[BlackElo "2625"]
[EventDate "2010.06.29"]

1. d4 Nf6 2. c4 e6 3. Nc3 Bb4 4. Qc2 O-O 5. a3 Bxc3+ 6. Qxc3 b6 7. Bg5 h6
8. Bh4 Ba6 9. Qf3 Nc6 10. e3 Na5 11. Rc1 c5 12. Bxf6 Qxf6 13. Qxf6 gxf6 14.
d5 Rab8 15. Nf3 b5 16. cxb5 Bxb5 17. Rxc5 Rfc8 18. Rxc8+ Rxc8 19. Be2 Rc1+
20. Bd1 Ba4 21. Ke2 Bb5+ 22. Ke1 e5 23. Nd2 Nb7 24. Ne4 Rb1 25. a4 Bd3 26.
Nxf6+ Kg7 27. Nxd7 f6 28. b3 Bf5 29. Nb8 Nc5 30. d6 Kf8 31. d7 Ke7 32. f3
Rb2 33. Be2 Rxb3 34. Nc6+ Kxd7 35. Nxa7 Rb1+ 36. Bd1 Rb2 37. Be2 Bd3 38.
Bf1 Bxf1 39. Rxf1 Nxa4 40. f4 e4 41. f5 Rb7 42. Rf4 Rxa7 43. Rxe4 Nc5 44.
Rh4 Kd6 45. Rxh6 Ke5 46. Kf2 Ne4+ 47. Kf3 Ra2 48. g3 Rf2+ 49. Kg4 Rxf5 50.
Rh5 Nf2+ 51. Kh4 Rxh5+ 52. Kxh5 Nd1 53. Kg6 Nxe3 54. h4 Nf5 55. h5 Ne7+ 56.
Kf7 Nf5 57. Kg6 Ne7+ 58. Kf7 Nf5 1/2-1/2

[Event "IsBank TCh-TUR"]
[Site "Konya TUR"]
[Date "2010.07.01"]
[Round "4"]
[White "Selbes,T"]
[Black "Yeke,S"]
[Result "1-0"]
[WhiteElo "2263"]
[BlackElo "2321"]
[EventDate "2010.06.29"]

1. e4 c5 2. Nf3 g6 3. c3 d5 4. exd5 Qxd5 5. d4 Bg7 6. Be3 cxd4 7. cxd4 Nf6
8. Nc3 Qa5 9. Bc4 O-O 10. O-O Nbd7 11. Re1 Nb6 12. Bb3 e6 13. Bd2 Qa6 14.
Ne5 Rd8 15. Bg5 h6 16. Bxf6 Bxf6 17. Qf3 Kg7 18. Ne4 Nd5 19. Rac1 Qb6 20.
Bxd5 exd5 21. Nxf6 Qxf6 22. Qxf6+ Kxf6 23. Rc7 Be6 24. Rxb7 Rdc8 25. h3 Rc2
26. Re3 Rd2 27. Rf3+ Kg5 28. Rbxf7 Rd1+ 29. Kh2 Bxf7 30. Rxf7 h5 31. f4+
Kh6 32. g4 g5 33. h4 1-0

[Event "IsBank TCh-TUR"]
[Site "Konya TUR"]
[Date "2010.07.01"]
[Round "4"]
[White "Ergonen,A"]
[Black "Ataman,A"]
[Result "0-1"]
[WhiteElo "1995"]
[BlackElo "2191"]
[EventDate "2010.06.29"]

1. e4 e5 2. Nf3 Nc6 3. Bc4 Nf6 4. d4 exd4 5. e5 d5 6. Bb5 Ne4 7. Nxd4 Bc5
8. O-O O-O 9. Bxc6 bxc6 10. Nc3 Ba6 11. Re1 Nxf2 12. Kxf2 Qh4+ 13. Kg1
Bxd4+ 14. Kh1 Bf2 15. Bd2 Rab8 16. Rb1 Rb4 17. Qf3 Bxe1 18. Bxe1 Qe7 19. a3
Rbb8 20. Na4 Qxe5 21. Bc3 Qg5 22. Nc5 Bc8 23. Rf1 Qg6 24. h3 Be6 25. Qf4 d4
26. Bxd4 Bd5 27. Rf2 Rbd8 28. b4 Rfe8 29. Be5 Qh5 30. Bxc7 Qxh3+ 0-1

[Event "IsBank TCh-TUR"]
[Site "Konya TUR"]
[Date "2010.07.01"]
[Round "4"]
[White "Topel,Z"]
[Black "Zdebskaja,N"]
[Result "0-1"]
[WhiteElo "2226"]
[BlackElo "2383"]
[EventDate "2010.06.29"]

1. d4 Nf6 2. c4 e6 3. Nf3 d5 4. Nc3 Bb4 5. e3 c5 6. dxc5 O-O 7. Be2 Nc6 8.
cxd5 exd5 9. O-O Bxc5 10. Nb5 Ne4 11. Qa4 a6 12. Na3 b5 13. Qb3 Be6 14. Rd1
Qf6 15. Nc2 d4 16. Qd3 Bf5 17. Ncxd4 Bxd4 18. Nxd4 Bg6 19. Bf3 Nxf2 20. Qe2
Ne4 21. Nxc6 Qxc6 22. Bd2 Qb6 23. Bxe4 Bxe4 24. Bc3 Rad8 25. Bd4 Qg6 26.
Rac1 Rd5 27. Rc5 Rfd8 28. Rxd5 Rxd5 29. Rd2 Bxg2 30. Qxg2 Rg5 31. Bxg7 Qb1+
0-1

[Event "IsBank TCh-TUR"]
[Site "Konya TUR"]
[Date "2010.07.01"]
[Round "4"]
[White "Catalkilic,O"]
[Black "Kerigan,D"]
[Result "1-0"]
[WhiteElo "1962"]
[BlackElo "2126"]
[EventDate "2010.06.29"]

1. e4 d6 2. d4 Nf6 3. Nc3 g6 4. Bg5 Bg7 5. Qd2 h6 6. Bh4 g5 7. Bg3 Nh5 8.
O-O-O Nc6 9. Nge2 e6 10. d5 Ne5 11. Nd4 Bd7 12. Be2 Nxg3 13. hxg3 Qf6 14.
f4 Ng6 15. dxe6 fxe6 16. Ndb5 Bxb5 17. e5 Qf7 18. Bxb5+ c6 19. Qxd6 cxb5
20. Nxb5 Qe7 21. Qd3 Nxe5 22. Nd6+ Kf8 23. fxe5 Kg8 24. Rdf1 g4 25. Rh5 Rf8
26. Rf4 Rh7 27. Qg6 Kh8 28. Nf7+ 1-0

[Event "IsBank TCh-TUR"]
[Site "Konya TUR"]
[Date "2010.07.01"]
[Round "4"]
[White "Alev,G"]
[Black "Asan,E"]
[Result "0-1"]
[WhiteElo "1565"]
[BlackElo "1796"]
[EventDate "2010.06.29"]

1. e4 e5 2. Nf3 Nc6 3. d4 exd4 4. Bc4 Bc5 5. O-O Nf6 6. e5 d5 7. exf6 dxc4
8. fxg7 Rg8 9. Re1+ Be6 10. Ng5 Qd5 11. Nc3 Qf5 12. Nce4 Be7 13. Qh5 O-O-O
14. Ng3 Qxc2 15. Nxf7 Bxf7 16. Qxf7 d3 17. Bf4 Qxb2 18. Nf5 d2 19. Bxd2
Qxd2 20. Nxe7+ Nxe7 21. Rxe7 Qd1+ 22. Re1 Qd5 23. Re7 Qxf7 24. Rxf7 c3 25.
g3 b5 26. Rc1 b4 27. Rf4 a5 28. Rf5 Rxg7 29. Rxa5 Rgd7 30. Kg2 Rd1 31. Rc2
R8d2 32. Rxd2 Rxd2 33. Kf3 c6 34. Rc5 Rxa2 35. Rxc6+ Kb7 36. Rc4 Rb2 37.
Ke3 0-1

[Event "IsBank TCh-TUR"]
[Site "Konya TUR"]
[Date "2010.07.01"]
[Round "4"]
[White "Vatansever,Buse"]
[Black "Ozturk,H"]
[Result "1-0"]
[WhiteElo "1547"]
[BlackElo "1671"]
[EventDate "2010.06.29"]

1. e4 e5 2. Nf3 Nc6 3. Bb5 a6 4. Ba4 Nf6 5. Qe2 b5 6. Bb3 Bc5 7. d3 d6 8.
c3 O-O 9. Bg5 Be6 10. Nbd2 Qe7 11. Nf1 Nd8 12. Ne3 c6 13. O-O Bb6 14. Bc2
Bc8 15. a4 Rb8 16. axb5 axb5 17. Rfd1 Ne6 18. Nf5 Qd8 19. Be3 Ng4 20. h3
Nxe3 21. Nxe3 Nf4 22. Qd2 Qf6 23. Ne1 Bxh3 24. gxh3 Nxh3+ 25. Kf1 Nxf2 26.
Qxf2 Bxe3 27. Qxf6 gxf6 28. Ke2 Bb6 29. Nf3 d5 30. Bb3 Rfd8 31. Nh4 Bc5 32.
Nf5 Bf8 33. Rg1+ Kh8 34. Rg3 Bc5 35. d4 Bb6 36. Rh1 exd4 37. Rg7 1-0

[Event "IsBank TCh-TUR"]
[Site "Konya TUR"]
[Date "2010.07.01"]
[Round "4"]
[White "Karakehajov,K"]
[Black "Borovikov,V"]
[Result "1/2-1/2"]
[WhiteElo "2505"]
[BlackElo "2599"]
[EventDate "2010.06.29"]

1. d4 d5 2. c4 c6 3. Nf3 Nf6 4. e3 a6 5. Nbd2 Bf5 6. Be2 e6 7. Nh4 Be4 8.
Qb3 Qc7 9. O-O Be7 10. cxd5 cxd5 11. Nxe4 Nxe4 12. Nf3 Nc6 13. Bd2 Nxd2 14.
Nxd2 O-O 15. Rac1 Rfc8 16. Rc2 Qd7 17. Rfc1 Nb4 18. Rc3 Rxc3 19. bxc3 Nc6
20. c4 Na5 21. Qb6 Nxc4 22. Nxc4 Rc8 23. g3 Qc7 24. Qxc7 Rxc7 25. Rc2 dxc4
26. Rxc4 Rxc4 27. Bxc4 Kf8 28. Kf1 Ba3 29. Bd3 h6 30. Be4 b6 1/2-1/2

[Event "IsBank TCh-TUR"]
[Site "Konya TUR"]
[Date "2010.07.01"]
[Round "4"]
[White "Galkin,A"]
[Black "Kozhuharov,S"]
[Result "1-0"]
[WhiteElo "2597"]
[BlackElo "2404"]
[EventDate "2010.06.29"]

1. c4 e6 2. g3 Nf6 3. Bg2 d5 4. Nf3 c5 5. cxd5 exd5 6. d4 Nc6 7. O-O Be7 8.
b3 O-O 9. Bb2 Ne4 10. dxc5 Bxc5 11. e3 Bg4 12. Nc3 Nxc3 13. Bxc3 Qd7 14.
Qd2 Rfd8 15. Ne5 Nxe5 16. Bxe5 Rac8 17. Rac1 Bh3 18. Bxh3 Qxh3 19. Bxg7
Bxe3 20. Qxe3 Kxg7 21. Qxa7 Rc6 22. Qd4+ Kg8 23. Rxc6 bxc6 24. Re1 1-0

[Event "IsBank TCh-TUR"]
[Site "Konya TUR"]
[Date "2010.07.01"]
[Round "4"]
[White "Korkmaz,N"]
[Black "Reyhan,D"]
[Result "0-1"]
[WhiteElo "2199"]
[BlackElo "2325"]
[EventDate "2010.06.29"]

1. e4 e5 2. Nf3 Nf6 3. Nxe5 d6 4. Nf3 Nxe4 5. Nc3 Nxc3 6. dxc3 Be7 7. Bf4
Nc6 8. Qd2 Be6 9. O-O-O Qd7 10. Ng5 Bxg5 11. Bxg5 O-O 12. Rg1 f6 13. Bf4
Qf7 14. b3 a5 15. a4 Kh8 16. Be3 Ne5 17. c4 Rfd8 18. Bd4 b6 19. f4 Nc6 20.
g4 Nxd4 21. Qxd4 c5 22. Qc3 f5 23. Bd3 Ra7 24. Rdf1 Rad7 25. Re1 d5 26.
cxd5 Rxd5 27. Bc4 R5d6 28. Rxe6 Rxe6 29. gxf5 Qf6 30. Qxf6 Rxf6 31. Bd3 Rh6
32. Rg2 Rh4 33. Rf2 Kg8 34. Kd2 Kf7 35. Kc3 Rd4 36. Re2 Rdxf4 37. Bc4+ Kf8
38. Be6 Re4 39. Rd2 Re3+ 40. Kb2 h5 41. Bc4 Rf4 42. Bd3 Rg4 43. Rf2 h4 44.
f6 g5 45. Rf5 Rf4 46. Rxg5 Rxf6 47. Rg2 Ref3 48. Rg4 R3f4 49. Rg5 Rf2 50.
h3 R2f3 51. Kc3 Rxh3 52. Rh5 Kg7 53. Rh7+ Kg8 54. Rh5 Rf4 55. Rh6 Rf7 56.
Rxb6 Rxd3+ 57. Kxd3 h3 58. Rh6 Rh7 59. Rg6+ Kf7 60. Rg1 h2 61. Rh1 Rh4 62.
c3 Ke6 63. Kc2 Ke5 64. Kb2 Kf4 65. b4 cxb4 66. cxb4 axb4 67. a5 Kg3 68. Kb3
Kg2 69. Ra1 h1=Q 70. Rxh1 Kxh1 0-1